[Event "St Petersburg-ch"]
[Site "St Petersburg"]
[Date "1998.04.10"]
[Round "4"]
[White "Khalifman, Alexander"]
[Black "Yemelin, Vasily"]
[Result "1-0"]
[WhiteElo "2660"]
[BlackElo "2485"]
[Annotator "Ribli,Z"]
[PlyCount "85"]
[EventDate "1998.04.07"]
[EventType "tourn"]
[EventRounds "13"]
[EventCountry "RUS"]
[EventCategory "10"]
[SourceTitle "CBM 065"]
[Source "ChessBase"]
[SourceDate "1998.08.06"]
[SourceVersion "1"]
[SourceVersionDate "1998.08.06"]
[SourceQuality "1"]

1. Nf3 Nf6 2. c4 e6 3. g3 a6 4. Bg2 b5 5. b3 {Nach meiner Meinung ist das die
beste weiße Möglichkeit.Weiß kann so beide Läufer in die langen Diagonalen
stellen. Ribli.} c5 (5... Bb7 $6 6. Nc3 b4 (6... bxc4 7. bxc4 c5 8. Rb1 Bc6 9.
O-O Be7 10. Qc2 $1 O-O $6 11. e4 Ra7 12. d4 cxd4 13. Nxd4 Ba8 14. Rd1 {1-0
Kortschnoj,V-Tisdall,J/Politiken Cup 1996 (25)}) (6... Bb4 $6 7. Bb2 O-O 8. O-O
d6 9. Qc2 Nbd7 10. cxb5 Bxc3 11. Qxc3 axb5 12. Rfc1 c5 13. d4 Qb6 14. dxc5 Nxc5
15. Qe3 $16 {Pigusov,E-Hodgson,J/Sochi/1987/1|0/47/}) 7. Na4 Be7 (7... d6 8. d4
Nbd7 9. a3 a5 10. O-O Be7 11. Ne1 Bxg2 12. Kxg2 Qb8 13. Nd3 $14 {Krivonosov,
O-Berzinsh,R/LAT-ch/1994/CBM41/}) 8. O-O O-O 9. d4 Be4 10. Nh4 Bxg2 11. Nxg2 d6
12. a3 bxa3 13. Bxa3 c6 14. Nf4 Nbd7 15. Qc2 Nb6 16. Bb4 {Ribli,Z-Speelman,J/
Belfort WCup 1988/1-0 (67)}) 6. Nc3 Qb6 (6... Qa5 7. O-O Bb7 8. Bb2 Be7 9. Qc2
$5 Nc6 10. a3 bxc4 $1 11. bxc4 Rb8 12. e3 O-O 13. Ne2 h6 14. h3 Qc7 15. Nf4 d6
16. Rab1 Nd8 $6 (16... Ba8 $1 $10) 17. d3 e5 18. Ne2 Qd7 19. Nd2 Bxg2 20. Kxg2
Ne6 21. Ne4 Nh7 $6 (21... d5 $1 $10) 22. N4c3 f5 23. Nd5 Nf6 24. f4 $1 $14 {
1-0 Ribli,Z-Romanishin,O/Altensteig 1992 (28)}) 7. e3 (7. O-O Bb7 8. e3 Be7 9.
Qe2 b4 10. Na4 Qc7 11. d4 d6 12. Bb2 Nbd7 13. dxc5 dxc5 14. Rfd1 O-O 15. Ne1
Bxg2 16. Kxg2 Nb6 17. Nxb6 Qxb6 18. Qf3 Rad8 19. Nd3 {Sorokin,M-Ginzburg,M/
Clarin GP Final, Villa Gisell ARG 1998/1-0 (43)}) 7... Bb7 8. Qe2 $5 {Das ist
eine interessante Zugfolge. Es hängt der schwarze Bauer auf b5. Nach meiner
Meinung ist der Partiezug besser als das schablonenhafte 8.0-0, denn dann ist
im Gegensatz zur Partiefortsetzung 8...Be7 9.Qe2 Ne4 möglich.} (8. O-O Be7 9.
Qe2 Ne4 10. Nxe4 Bxe4 11. Bb2) 8... Bc6 (8... b4 9. Na4 Qc7 10. a3 a5 11. O-O
d6 12. d4 Nbd7 13. Rd1 Be7 14. Bb2 O-O 15. dxc5 dxc5 16. axb4 axb4 17. Ne1 {
1/2-1/2 Fancsy,I-Yemelin,V/Budapest FS02 GM 1994}) (8... Ne4 9. Nxe4 Bxe4 10.
d3 (10. Bb2 $14) 10... Bc6 11. Bb2 $14 {[%cal Yb2g7] Es ist jetzt nicht leicht
für Schwarz, seinen Königsflügel zu entwickeln.}) 9. O-O Be7 (9... b4 10. Na4
Qb7 11. Bb2 d6 12. Bxf6 gxf6 13. d4 Nd7 14. Rad1 Be7 15. Rfe1 f5 16. d5 exd5
17. cxd5 Bxa4 18. bxa4 O-O-O 19. Qc2 Kb8 20. Nd2 a5 21. Nc4 Qa7 22. Qxf5 $16 {
Keitlinghaus,L-Skalkotas,N/Athens op 1989/1/2-1/2 (61)}) 10. d4 O-O 11. Bb2 d6
(11... b4 $5) 12. d5 $1 exd5 (12... Bb7 13. e4 $14 {Weiß besitzt großen
Raumvorteil. Besonders der schwarze Läufer auf b7 steht sehr passiv.}) 13. Nxd5
$5 (13. cxd5 Bb7 14. e4 b4 $13) 13... Bxd5 (13... Nxd5 14. cxd5 Bxd5 15. Nh4 $1
{[%csl Rg8][%cal Rh4f5,Gb2g7,Re2g4]} (15. Nd4 Bxg2 16. Nf5) 15... Bxg2 (15...
Bxh4 16. Bxd5 $18 {[%cal Rg3h4,Rd5a8]}) 16. Qg4 g6 (16... Bf6 $2 17. Bxf6 $18)
(16... g5 17. Nf5 {[%csl Gf5,Rg8][%cal Rf5e7,Rf5h6]}) (16... f6 17. Nf5 $44)
17. Nf5 {Droht Matt auf e7 und h6.} Re8 18. Nxe7+ Kf8 (18... Rxe7 19. Qc8+ $18)
19. Nxg6+ (19. Rfd1 $44 {[%csl Gb2,Rf8][%cal Yb2h8]}) 19... hxg6 20. Kxg2 $14)
14. cxd5 Nbd7 (14... Nxd5 15. Nh4 $18 {[%csl Rd5][%cal Rg2a8,Gh4f5,Rf5e7,Rf5g7]
}) 15. e4 $14 {Weiß besitzt das Läuferpaar und Raumvorteil im Zentrum. Es
dürfte dem Schwarzen nicht leicht fallen, aktives Gegenspiel zu entfalten.}
Rfe8 {[%cal Ye8e2]} 16. e5 $36 (16. Rfe1) 16... dxe5 (16... Nxd5 17. e6 {
[%csl Ge6,Rg8]} (17. Ne1 Qb7 18. Rd1 N7b6 19. Qd2 $16 {[%csl Rd5][%cal Rd1d5,
Rg2d5]}) 17... Bf6 (17... N7f6 18. Ng5 fxe6 19. Qxe6+ Kh8 20. Nf7+ {Es folgt
das wohlbekannte "erstickte" Matt.} Kg8 21. Nh6+ Kh8 22. Qg8+ Rxg8 23. Nf7#)
18. exf7+ Kxf7 19. Ng5+ Bxg5 20. Bxd5+ $18 {[%csl Gb2,Gd5,Rf7][%cal Rd5a8,
Rd5f7]} (20. Qh5+ $18)) 17. Nxe5 Nxe5 (17... Bd6 18. f4 $14 (18. Nxd7 Nxd7 (
18... Rxe2 19. Nxb6 Rb8 20. Bxf6 gxf6 21. Nd7 $18) 19. Qg4 Ne5 $11 (19... Be5
$11))) 18. Qxe5 {Weiß hat eine freie Stellung mit starkem Läuferpaar und einem
gefährlichen Bauern auf d5.} (18. Bxe5 Bd6 19. f4 Nd7 20. Qf2 Bxe5 21. fxe5
Nxe5 $15 {[%csl Ge5] Schwarz besitzt einen Mehrbauern und eine starke
Springerstellung auf e5.}) 18... Bd6 19. Qf5 {[%csl Gb2,Gf5,Gg2]} Qd8 20. Rae1
(20. Bxf6 $6 Qxf6 21. Qxf6 gxf6 $11) 20... Qd7 21. Qc2 {Weiß muß die Damen auf
dem Brett behalten.} (21. Qxd7 Nxd7 $11) 21... Rxe1 22. Rxe1 Re8 23. Rxe8+ Qxe8
(23... Nxe8 {Möglicherweise kann Schwarz so seinen Springer als Blockadefigur
auf d6 einsetzen.}) 24. Qd1 (24. Bxf6 $6 Qe1+ 25. Bf1 gxf6 $11) 24... Kf8 (
24... Nd7 $5 {Schwarz bereitet 25...Ne5 oder 25...Be5 vor.}) 25. a4 $1 {
Ein positionell sehr starker Zug. Es scheint, Schwarz habe Probleme am
Damenflügel.} Be5 (25... bxa4 26. bxa4 $14 {Und im Endspiel kann Weiß
eventuell selbst a4-a5 ziehen oder nach 26...a5 27.Bc3 spielen.}) 26. Bxe5 Qxe5
27. d6 {[%cal Rd6d7,Rd7d8]} Ke8 (27... Nd7 28. axb5 axb5 29. Bc6 $16 {[%cal
Rc6d7,Rc6b5]}) (27... bxa4 28. d7 Nxd7 29. Qxd7 axb3 (29... Qe1+ 30. Bf1 axb3
31. Qc8+ Ke7 32. Qxc5+ $18 {und Schwarz verliert seinen Bauern b3 mit "Schach".
}) 30. Bd5 {[%cal Rd7f7,Rd5f7,Rd5b3]}) (27... Qd4 28. Qxd4 cxd4 29. axb5 axb5
30. Kf1 {[%csl Rd4]} Ke8 31. Bc6+ {[%csl Gc6,Gd6]}) 28. axb5 axb5 29. Bc6+ Kd8
30. Bxb5 $16 {Weiß besitzt nicht nur einen Mehrbauern, sondern auch eine
aktive Stellung, in der sein Läufer dem schwarzen Springer weit überlegen ist.}
Ne8 31. d7 Nc7 (31... Nd6 32. Bc6 $16 (32. Ba4 $16)) 32. Bc6 Ne6 33. Qd2 {
[%csl Rd8][%cal Rd2a5,Ra5d8,Ra5a8,Ra8d8]} g5 (33... Nd4 34. Qa5+ Qc7 35. Qa8+
Ke7 36. Qe8+ $18) (33... Qc7 34. Qd5 $16 Nd4 35. Qxf7 $18) 34. Qa5+ Ke7 (34...
Qc7 35. Qa8+ Ke7 36. Qe8+ Kd6 (36... Kf6 37. Bd5 $16 {[%csl Gd5,Gd7,Ge8]}) 37.
Ba4 $16) (34... Nc7 35. Qb6 (35. b4 $2 {[%cal Ya5e5]} Qe1+ 36. Kg2 Qxb4) 35...
Qd6 36. Qb8+ Ke7 37. Qe8+ $18) 35. Qa8 Qd6 36. Qe8+ Kf6 37. Bf3 $1 {Der weiße
Mehrbauer auf d7 ist sehr stark und Schwarz hat noch andere Schwächen, so z.B.
auch seine Königsstellung.} Qd3 (37... Qb6 38. Bd5 Nd8 39. Kg2 $16) (37... Qe7
38. Qh8+ Kf5 39. Qxh7+ $18) 38. Bg4 {Es droht 39.Bxe6 nebst Bauernverwandlung.}
Qb1+ 39. Kg2 Qe4+ 40. Kh3 $18 {Der weiße König findet Ruhe auf h3, womit die
Partie entschieden ist, denn Schwarz kann die weiße Hauptdrohung nicht weiter
verhindern.} (40. f3 $2 Qe2+ 41. Kg1 (41. Kh3 $4 Qf1#) 41... Qe1+ $11) 40...
Qd3 41. Bxe6 Qf1+ (41... fxe6 42. d8=Q+ $18) 42. Kg4 h5+ (42... Qd1+ 43. f3
Qd4+ (43... h5+ 44. Kxh5 Qxf3+ 45. Bg4 $18) 44. Kh5 $18) 43. Kxh5 {und Schwarz
gab auf.} 1-0

[Event "St Petersburg-ch"]
[Site "St Petersburg"]
[Date "1998.04.11"]
[Round "5"]
[White "Biriukov, Oleg V"]
[Black "Khalifman, Alexander"]
[Result "0-1"]
[WhiteElo "2390"]
[BlackElo "2660"]
[Annotator "Ftacnik,L"]
[PlyCount "84"]
[EventDate "1998.04.07"]
[EventType "tourn"]
[EventRounds "13"]
[EventCountry "RUS"]
[EventCategory "10"]
[SourceTitle "CBM 065"]
[Source "ChessBase"]
[SourceDate "1998.08.06"]
[SourceVersion "1"]
[SourceVersionDate "1998.08.06"]
[SourceQuality "1"]

{[%mdl 4164]} 1. d4 Nf6 2. c4 g6 3. Nc3 d5 4. cxd5 Nxd5 5. e4 Nxc3 6. bxc3 Bg7
7. Nf3 c5 8. Bb5+ Nd7 9. O-O O-O 10. Bg5 a6 (10... h6 11. Bh4 Nf6 12. Re1 (12.
Bxf6 Bxf6 13. e5 Bg7 14. d5 Bg4 15. Re1 Qa5 16. Qa4 Qxa4 17. Bxa4 Rfd8 18. c4
a6 19. Nd2 b5 20. Bb3 Be6 21. Rac1 {1-0 Moehring,G-Novak,I/Tatran Cup/1978/ 
(33)}) 12... Nh5 (12... Qa5 13. Bc4 b5 14. Bd5 Nxd5 15. exd5 g5 16. Bg3 cxd4
17. Be5 dxc3 18. Bxg7 Kxg7 19. Qd4+ Kg8 20. h4 Qb6 21. Qxc3 Qf6 22. Qc7 {
1/2-1/2 Votava,J-Jansa,V/CZE-chT9798/1997/ (46)}) 13. Rc1 g5 14. Nxg5 hxg5 15.
Bxg5 Nf6 16. Bxf6 exf6 17. Re3 cxd4 18. cxd4 f5 19. Rg3 f4 20. Rd3 Qg5 21. Rc5
Qg6 {0-1 Alburt,L-Ftacnik,L/Hastings/1980/ (32)}) (10... Nf6 11. Qc2 (11. Qe1
cxd4 {1/2-1/2 Razuvaev,Y-Arnason,J/Polanica Zdroj/1979/}) 11... h6 12. Bxf6
Bxf6 13. e5 Bg7 14. Bc4 Bf5 15. Qb3 Rb8 16. e6 b5 17. exf7+ Kh7 18. Be2 c4 19.
Qa3 {Flear,G-Gutman,L/Wijk/1987/1-0 (49)}) (10... cxd4 11. cxd4 Nf6 12. Re1 Bg4
13. Rb1 a6 14. Bf1 b5 15. a4 bxa4 16. Qxa4 Bd7 17. Qa3 h6 18. Bd2 a5 19. h3 Ra7
20. d5 Nxe4 21. Rxe4 Bf5 22. Qe3 Bxe4 23. Qxe4 a4 24. Be3 {1-0 Palatnik,
S-Faibisovich,V/URS-ch sf/1978/ (33)}) 11. Bd3 b5 (11... Qe8 12. e5 $1 b5 13.
a4 Rb8 (13... b4 14. cxb4 cxd4 15. Be4 Rb8 16. Qxd4 $16) 14. axb5 axb5 15. Re1
$5 (15. Ra7 $6 Bb7 $5 $13 {/\} 16. Bxb5 $2 Bxf3 17. Bxd7 Bxd1 18. Bxe8 Be2 19.
Re1 Rfxe8 $19) 15... cxd4 16. cxd4 Nb6 (16... e6 17. Ra7 Bb7 18. Bxb5 Bxf3 19.
Bxd7 Bxd1 20. Bxe8 $16) 17. Qb3 $1 $16 {Gurevich,M-Roos,D/France/1993/}) 12.
Qc1 $6 {xBd3 Very subtle mistake, white queen supports c1-h6 diagonal, but
leaves the d line more exposed to black's pressure.} (12. a4 Bb7 13. axb5 axb5
14. Rb1 b4 $13) 12... Bb7 13. a4 (13. Bh6 Rc8 $11) 13... b4 $1 14. a5 (14. cxb4
cxd4 (14... cxb4 15. Rb1 a5 $15) 15. Rd1 Rc8 $36) 14... cxd4 15. cxd4 (15. cxb4
Rc8 16. Qd2 f6 17. Bh4 e5 $15) 15... Ne5 $1 16. Nxe5 (16. dxe5 Qxd3 17. Bxe7
Rfc8 18. Qd2 Qxe4 19. Bxb4 (19. Rab1 Rc2 20. Qxb4 Qxb4 21. Rxb4 Bxf3 22. gxf3
Bxe5 $15) 19... Rc2 20. Rae1 Rxd2 21. Rxe4 Rb2 $15) 16... Qxd4 17. Bxe7 $6 {
Despite very original idea of Khalifman the balance was not yet disturbed
enough. White playes natural moves and lands in a deep trouble.} (17. Qc7 $1
Bxe5 (17... Qxe5 18. Qxe5 Bxe5 19. Rab1 Bd6 20. e5 Bc5 21. Rfc1 Rfc8 22. Bd2
Rab8 23. Rd1 $13) 18. Qxb7 Qxd3 19. Rad1 Qe2 20. Bxe7 Rfe8 21. Qxb4 $11) (17.
Nf3 $2 Qxd3 18. Rb1 Bxe4 $19) 17... Bxe5 $1 (17... Rfe8 18. Bxb4 Bxe5 19. Qd2
Bxe4 20. Bxe4 Qxe4 $15) 18. Qc5 (18. Bxf8 Qxd3 19. Qb1 (19. Bxb4 $2 Bxa1 20.
Qxa1 Qxe4 21. f3 Qxb4 $19) (19. Bh6 Qxe4 20. f3 Qh4 $19) 19... Qxb1 20. Raxb1
Rxf8 21. Rxb4 Bc8 $17) 18... Qxc5 (18... Qxd3 19. Qxe5 Rfe8 20. Rad1 Qxe4 21.
Qxe4 Bxe4 22. Bxb4 $11) 19. Bxc5 Bxa1 20. Bxf8 Bc3 (20... Kxf8 21. Rxa1 Rd8 $17
) 21. Bd6 Re8 {Suddenly black has clear advantage in dangerous b pawn and
activity of all pieces.} (21... Rd8 22. e5 Bxe5 23. Bxe5 Rxd3 24. Rb1 b3 $17)
22. e5 (22. f3 Rd8 23. e5 Bd4+ 24. Kh1 Bxe5 25. Bxe5 Rxd3 $17) 22... b3 (22...
Bxe5 23. Bxb4 $11) 23. Rb1 Bxe5 24. Bxe5 (24. Rxb3 $2 Bd5 $1 $19) 24... Rxe5
25. f3 (25. Rxb3 $2 Re1+ 26. Bf1 Bc6 27. f4 Bb5 28. Rf3 f5 29. h3 h5 30. g3 Ra1
31. Rf2 Kf7 32. Kg2 Bxf1+ 33. Rxf1 Rxf1 34. Kxf1 Ke6 $19) 25... Rxa5 26. Rxb3
Bd5 27. Rb8+ (27. Rb6 Ra1+ 28. Kf2 a5 $17) 27... Kg7 28. Rd8 Be6 $1 (28... Bc6
$6 29. Rd6 Bb5 30. Bxb5 axb5 31. Rb6 $17) 29. Ra8 Ra1+ 30. Kf2 a5 {Without the
bishops white could have hoped for a draw in a typical endgame, but in the
real life black pawn threatens to run all the way to a2.} 31. Bb5 Bb3 32. Ke3 (
32. h4 a4 33. g4 a3 $19) 32... a4 33. Kd4 a3 34. Bc4 $8 (34. Kc3 $2 Bd5 35. Ra5
a2 36. Bd3 Rd1 $19) 34... Bxc4 35. Kxc4 Ra2 36. g4 (36. h3 Rxg2 37. Rxa3 Rg3
38. h4 Rh3 $19) 36... Rxh2 37. Rxa3 Rd2 38. Kc3 (38. Ra7 h5 $19) 38... Rd7 39.
Ra5 h6 40. Kc4 Rd2 41. Ra6 Rd1 42. Rb6 h5 $1 (42... h5 $1 43. gxh5 gxh5 44. Rb5
Kg6 45. Rb8 Kg5 46. Rb2 Rh1 $19) 0-1

[Event "St Petersburg-ch"]
[Site "St Petersburg"]
[Date "1998.04.13"]
[Round "6"]
[White "Khalifman, Alexander"]
[Black "Ivanov, Sergey"]
[Result "1-0"]
[WhiteElo "2660"]
[BlackElo "2570"]
[Annotator "Huzman,A"]
[PlyCount "63"]
[EventDate "1998.04.07"]
[EventType "tourn"]
[EventRounds "13"]
[EventCountry "RUS"]
[EventCategory "10"]
[SourceTitle "CBM 065"]
[Source "ChessBase"]
[SourceDate "1998.08.06"]
[SourceVersion "1"]
[SourceVersionDate "1998.08.06"]
[SourceQuality "1"]

1. d4 Nf6 2. Nf3 d5 3. c4 e6 4. Nc3 dxc4 5. Bg5 a6 6. a4 c5 7. Bxf6 $1 (7. d5
$6 Be7 8. e4 Nxd5 9. Bxe7 Nxe7 10. Qxd8+ Kxd8 11. Ne5 Rf8 12. Nxc4 Kc7 13. a5
$15 {>~/=}) 7... Qxf6 (7... gxf6 8. d5 $44) 8. d5 {[%cal Ge2e4,Gf1c4]} exd5 9.
Nxd5 Qd8 10. e3 {[%csl Gd4]} (10. e4 Nc6 11. Bxc4 Bd6 $11 {[%csl Rd4]}) 10...
Nc6 11. Bxc4 Bd6 12. O-O O-O {[%cal Yc8g4]} 13. h3 Re8 (13... Be6 14. Qd2 Ne5
15. Nxe5 Bxe5 16. f4 Bf6 17. Rad1 $36) (13... Ne5 14. Nxe5 Bxe5 15. Qb3 $14 {
[%csl Rc8][%cal Gb3b7,Gb3f7,Gd5b6,Ga1d1]}) 14. Qc2 Rb8 {[%cal Yb7b5]} (14...
Be6 15. Rfd1 $14) 15. a5 $1 h6 (15... Nxa5 16. Rxa5 Qxa5 (16... b5 17. Ba2 Bb7
18. Ra1 $1 (18. Qd2 c4 $1 19. Nf4 c3 (19... Bc7 20. Ra3 Qxd2 21. Nxd2 Rbd8 22.
Nf3 Bd6 23. Rc3 Bxf4 24. exf4 Re2 $44)) 18... h6 (18... c4 19. Bb1 Bxd5 20.
Qxh7+ Kf8 21. Qh8+ (21. Rxa6 $5 $16) 21... Ke7 22. Qh4+ Kf8 23. Ng5 $40) 19.
Rxa6 $1 Bxa6 20. Bb1 $18) 17. Ng5 $18) 16. Rfd1 Be6 (16... Nxa5 $2 17. Rxa5
Qxa5 18. Nf6+ $1 gxf6 19. Qg6+ $18) 17. Qc3 $16 {The black pieces are
paralized and the black try to defend their position with exchange the strong
Nd5 but after this the position with the opposite colour bishops is definitely
in the favour of the white who have the initiative.} Bxd5 18. Bxd5 Qc7 19. Nd2
$1 {[%csl Rd6][%cal Gd2c4]} Nb4 20. Nc4 $1 Be5 (20... Nxd5 21. Rxd5 Be7 22.
Rad1 $16 {[%csl Ra6,Rb7,Rc5] The control over the "d" file and weaknesses of
the black pawns give to the white clear advantage.}) 21. Nxe5 Rxe5 22. Bf3 $1 {
[%csl Ra6,Rb7,Rc5] The same reasons give to the white big advantage in this
position,too.} Ree8 23. Rdc1 Qd8 $1 24. b3 (24. Bg4 $5) 24... Re7 25. Rd1 Qc7
26. Qd2 $1 {[%cal Gd2d6]} Rc8 27. Bg4 Rce8 28. Qd6 g6 (28... Qxd6 29. Rxd6 Nc6
30. Bf3 Ne5 31. Bd5 $16) 29. Rac1 $1 Qxa5 $2 (29... Qxd6 30. Rxd6 Rc7 31. Kf1
$16) 30. Bd7 $18 Qa2 31. Bxe8 Rxe8 32. Qxc5 1-0

[Event "St Petersburg-ch"]
[Site "St Petersburg"]
[Date "1998.04.18"]
[Round "11"]
[White "Loginov, Valery A"]
[Black "Khalifman, Alexander"]
[Result "1/2-1/2"]
[WhiteElo "2500"]
[BlackElo "2660"]
[Annotator "Huzman,A"]
[PlyCount "57"]
[EventDate "1998.04.07"]
[EventType "tourn"]
[EventRounds "13"]
[EventCountry "RUS"]
[EventCategory "10"]
[SourceTitle "CBM 065"]
[Source "ChessBase"]
[SourceDate "1998.08.06"]
[SourceVersion "1"]
[SourceVersionDate "1998.08.06"]
[SourceQuality "1"]

1. Nf3 Nf6 2. g3 g6 3. c4 Bg7 4. Bg2 O-O 5. O-O d6 6. d4 Nc6 7. Nc3 Bf5 8. Ne1
Qc8 9. e4 Bh3 10. Nc2 Bxg2 11. Kxg2 Na5 12. b3 (12. Ne3 $5 c5 13. d5 a6 {
[%cal Yb7b5]} 14. a4 $14) 12... c5 13. d5 a6 (13... b5 14. cxb5 a6 15. bxa6
Qxa6 16. Bd2 $16 {[%csl Ra5]}) 14. Bd2 (14. Qe2 Rb8 15. Bd2 b5 16. Rae1 bxc4
17. bxc4 Rb2 18. Bc1 Rb7 19. Nd1 Nd7 20. Bd2 {1/2-1/2 Yehya,A-Hakki,I/Cairo op
1996}) 14... b5 15. Qe2 $14 {[%csl Ra5]} e6 16. Rae1 Qb7 {[%cal Yb7b2]} (16...
exd5 17. exd5 Re8 18. Qd3 $14 {[%csl Ra5]}) 17. Nd1 $1 Qb6 18. Qd3 exd5 19.
exd5 Nd7 {[%csl Rc4][%cal Yd7e5]} 20. f4 Rae8 21. Nf2 Nb7 22. g4 {[%cal Gf2e4,
Gf4f6]} Rxe1 23. Rxe1 bxc4 24. bxc4 Qb2 $1 {The black try to distract the
white from the developing of their plan.} 25. Qb3 Qxb3 26. axb3 Ra8 {[%cal
Yg8f8,Ya8e8]} 27. Nd3 Kf8 (27... a5 $5 28. Re7 Rd8 29. Na3 (29. Kf3 Kf8 30. Re1
Ra8 $132 {[%cal Ya5a4]}) 29... Kf8 30. Re2 Ra8 $132 {[%cal Ya5a4]}) 28. Kf3 Re8
29. Rxe8+ $14 (29. Rxe8+ Kxe8 $132 {[%cal Yd7b6,Ya6a4]}) 1/2-1/2

[Event "Presidents Cup "]
[Site "Elista"]
[Date "1998.05.12"]
[Round "2.5"]
[White "Khalifman, Alexander"]
[Black "Aleksandrov, Aleksej"]
[Result "1-0"]
[WhiteElo "2660"]
[BlackElo "2615"]
[Annotator "Ribli,Z"]
[PlyCount "95"]
[EventDate "1998.05.07"]
[EventType "k.o."]
[EventRounds "6"]
[EventCountry "RUS"]
[SourceTitle "CBM 065"]
[Source "ChessBase"]
[SourceDate "1998.08.06"]
[SourceVersion "1"]
[SourceVersionDate "1998.08.06"]
[SourceQuality "1"]

1. Nf3 d5 2. d4 Nf6 3. c4 e6 4. Nc3 Bb4 5. Bg5 {5...dxc4 würde hier in die
Wiener-Variante führen. Ribli.} h6 6. Bxf6 (6. Bh4 $6 dxc4) 6... Qxf6 7. e3 {
Schwarz besitzt das Läuferpaar, aber das weiße Zentrum ist stark und die
schwarze Dame steht nicht gut auf f6.} c5 8. cxd5 exd5 9. Rc1 {Weiß verteidigt
den Springer c3 und plant 10.dxc5, um den schwarzen Damenbauern zu isolieren.}
c4 10. Nd2 Bxc3 (10... Be6 11. g3 O-O 12. Bg2 $14 Bxc3 13. bxc3 Nc6 14. O-O b5
15. e4 Qd8 16. Qh5 $36 {1/2-1/2 Cebalo,M-Piket,J/Munich 1989 (34)}) 11. bxc3 {
Schwarz hat mit ...c5-c4 die Spannung im Zentrum aufgegeben und so verfügt
Weiß mit e3-e4 (evtl. vorbereitet durch f2-f3) einen perspektivreichen Plan.}
O-O 12. g3 (12. Be2) 12... Bf5 $5 {[%cal Gd3b1,Gf5b1]} (12... Qd6 13. Bg2 f5
14. O-O Nc6 15. Rb1 Rb8 16. a4 b6 17. Qf3 Ne7 18. Qf4 Rd8 19. Qxd6 Rxd6 20. f3
Bd7 21. Rb2 Nc6 22. Ra2 Be6 23. Rb1 Rc8 24. Bf1 Kf8 25. Be2 Ke7 26. Bd1 Rdd8
27. Bc2 $14 {1-0 Cebalo,M-Dizdar,G/Bled op 1994 (42)}) (12... Nc6 13. Bg2 Be6
14. O-O $14) 13. Bg2 {[%csl Rd5][%cal Rg2d5]} Rd8 14. O-O Bd3 {[%csl Rd3]} 15.
Re1 $14 {Trotz des auf den ersten Blick stolzen Läufers auf d3 kann der Weiße
mit e3-e4 sein Zentrum mobilisieren und sich so positionelles Übergewicht
verschaffen.} Qa6 (15... Nc6 16. e4 dxe4 17. Nxe4 $14 {[%csl Rb7,Yc5,Gg2][%cal
Re4f6,Re4c5]}) 16. e4 $1 (16. a4 b5 17. axb5 Qxb5 18. e4 {[%csl Gg2][%cal
Gg2a8]}) 16... Nd7 (16... dxe4 17. Nxe4 {[%csl Ra6,Rd3][%cal Re4c5]}) (16...
Qxa2 17. exd5 $16 {[%csl Ra2,Gd5,Ge1,Gg2][%cal Ge1e7]}) 17. e5 $5 {[%csl Gc3,
Gd4,Rd5,Ge5,Gg2][%cal Rg2d5]} (17. exd5 Nf6 {[%csl Rd5][%cal Rf6d5]}) 17... Nf8
{Natürlich muß Schwarz den Bauern d5 verteidigen.} 18. a4 Qe6 $6 {Schwarz
folgt einer passiven Verteidigungsidee und entwickelt dabei kein Gegenspiel.} (
18... b5 19. Ra1 bxa4 20. Qxa4 Qxa4 21. Rxa4 $14 {[%csl Ra7]}) 19. Nf1 {
[%cal Gf1e3]} Re8 (19... Bxf1 $6 {Es ist nicht logisch, den Stolz der
schwarzen Stellung zu tauschen.} 20. Rxf1 $16 {[%cal Gf2f4,Gf4f5]}) 20. Ne3 {
[%csl Ge3] Der weiße Springer steht ausgezeichnet auf e3. Er kontrolliert den
Bauern d5 und unterstützt den Raumgewinn mittels g3-g4 / f2-f4-f5 am
Königsflügel.} Rad8 21. f4 {[%csl Gd4,Ge3,Ge5,Re6,Gf4]} Ng6 (21... f5 $2 22.
exf6 gxf6 (22... Qxf6 23. Nxd5 $16) 23. Nxd5 $16 {[%cal Re1e6]}) 22. Bf1 $1 Be4
(22... Bxf1 23. f5 Qd7 24. Rxf1 $16 {Weiß hat großen Raumvorteil am
Königsflügel.}) 23. Bg2 Bd3 (23... Bxg2 24. f5 Qd7 25. Kxg2 $16) 24. Qh5 {
Natürlich gibt sich Weiß mit Stellungswiederholung nicht zufrieden.} Ne7 (24...
f5 $2 25. exf6 Qxf6 (25... gxf6 26. f5 $18) 26. Nxd5 $16) 25. g4 $36 {[%csl
Gd4,Ge3,Ge5,Re6,Gf4,Gg2,Gg4,Gh5] Der weiße Bauernsturm ist sehr gefährlich.}
Qg6 (25... Bg6 26. Qh4 (26. f5 Bxh5 27. fxe6 Bg6 28. exf7+ Kxf7 $16) 26... f5
27. exf6 (27. h3 $14) 27... Qxf6 28. Qg3 $16 {[%csl Rd5,Ge3,Gf4,Rf6,Gg2,Gg3,
Gg4]} (28. Qxf6 gxf6 29. f5 Bf7 (29... Bh7 30. Nxd5 Nxd5 31. Bxd5+ $18) 30. Kf2
$14 (30. Rb1 $14))) 26. Qh4 $5 $16 {[%csl Rg6][%cal Rf4f5]} (26. Qxg6 fxg6 $14)
26... f5 27. exf6 Qxf6 (27... gxf6 28. f5 $16 Qg5 (28... Qg7 29. Nxd5 Nxd5 30.
Bxd5+ $18) (28... Qf7 29. Qxh6 $16) 29. Qxg5+ hxg5 30. Nxd5 Nxd5 31. Bxd5+ $18)
28. Qxf6 gxf6 29. Nxd5 {[%csl Gd5]} Nxd5 30. Bxd5+ {[%cal Rd5g8,Rd5b7] Einen
Bauern hat der Weiße bereits gewonnen, jetzt fällt noch b7.} Kf8 (30... Rxd5
31. Rxe8+ $18) 31. Bxb7 {Mit zwei Mehrbauern besitzt Weiß gute Gewinnchancen,
aber wegen des aktiven schwarzen Läufers auf d3 ist noch präzises Spiel
notwendig.} Rb8 32. Bc6 Re2 (32... Rxe1+ 33. Rxe1 Rb3 34. d5 Rxc3 35. d6 $18 {
[%csl Gc6,Gd6,Ge1][%cal Rd6d7,Rd7d8] und der weiße d-Bauer entscheidet den
Kampf.}) 33. Rxe2 Bxe2 {[%cal Re2g4]} 34. h3 Ke7 35. Re1 {[%csl Ge1,Re2][%cal
Re1e7]} Kd6 36. Bb5 $5 (36. Rxe2 Kxc6 37. Re6+ Kd5 38. Rxf6 Ke4 $132 {[%csl
Gb8,Ge4,Rg1]}) 36... a6 (36... Bd3 37. f5 $18 {[%cal Re1e6,Re6d6,Re6h6]}) 37.
Rxe2 axb5 38. axb5 Rxb5 {In Turmendspielen ist die Remisbreite gewöhnlich groß,
aber Schwarz hat kein Gegenspiel und sein König ist vom Königsflügel
abgeschnitten.} 39. Kf2 Rb3 40. Re3 {[%csl Ge3] Der weiße Turm verteidigt
alles.} Rb2+ 41. Kf3 Kd5 (41... Rh2 42. Ke4 {[%cal Re4f5]} Ke6 43. d5+ Kd6 44.
Kd4 (44. Kf5 Kxd5 45. Kxf6 $18) 44... Rd2+ 45. Kxc4 Rxd5 46. Rd3 $18) 42. h4
Rh2 43. Kg3 (43. h5 $6) 43... Rh1 44. g5 $18 {Weiß bildet einen starken
Freibauern. Die Partie ist entschieden.} hxg5 45. fxg5 fxg5 46. hxg5 {[%csl
Rd5,Ge3,Gg3]} Rh8 47. Kg4 Rg8 48. Re5+ {Der g-Freibauer macht das Rennen, so
daß Schwarz die Segel streichen mußte.} 1-0